000 00645nam a22002297a 4500
001 91113
003 UA-OsUOA
005 20211016143124.0
007 ta
008 20121122b un ||||| |||| 00| 0 ukr d
040 _aUA-OsUOA
_brus
_cUA-OsUOA
_dUA-OsUOA
041 _arus
080 _a94(470+570):32
090 _a94(470+570):32
_bМ19
100 _aМалиновский И. А.
245 _aНарод и власть в русской истории
_cпод ред. Попелюшка В. А.
260 _aОстрог
_bНаУОА
_c2012
300 _a92 с.
650 7 _a94 Історія
_2UDC
942 _cBK
_2udc
955 _a1
999 _c377380
_d377380